[Event "CRO-ch U17"]
[Site "Split"]
[Date "2024.07.25"]
[Round "5"]
[White "Mimica, Matija"]
[Black "Bojanic Morandini, Fabian"]
[Result "1-0"]
[WhiteElo "1929"]
[BlackElo "1624"]
[PlyCount "39"]
[EventDate "2024.07.22"]
[EventType "swiss"]
[EventRounds "9"]
[EventCountry "CRO"]
[SourceTitle "CBM 221 Extra"]
[Source "ChessBase"]
[SourceDate "2024.09.30"]
[SourceVersion "1"]
[SourceVersionDate "2024.09.30"]
[SourceQuality "1"]

1. d4 Nf6 2. Nc3 e6 3. e4 d5 4. e5 Nfd7 5. f4 c5 6. Nf3 Nc6 7. Bd3 c4 8. Be2 Bb4 9. 0-0 0-0 10. a3 Bxc3 11. bxc3 f5 12. a4 Qa5 13. Qe1 Nb6 14. Ba3 Rf7 15. Ng5 Bd7 16. Qh4 h6 17. Nxf7 Kxf7 18. Rf3 Rh8 19. Rg3 g6 20. Qf6+ 1-0